000 00816cab a2200265 4500
001 ABS56682
008 090401t1997 xxu||||| |||| 00| 0 eng d
035 _a(Sirsi) u77626
041 _aeng
245 _aEurope
260 _c1997
350 _a0
490 _aProperty Week
_vMarch 1997 (63)
520 _aA supplement on the property markets of Europe, concentrating on Lisbon and Warsaw. Looks at market conditions in a variety of sectors and at career opportunities for surveyors.
650 _aFAST FOOD RESTAURANTS
650 _aLISBON
650 _aPOLAND
650 _aPORTUGAL
650 _aPROPERTY-COMMERCIAL PROPERTY-RETAIL PROPERTY-RETAIL PROPERTY MARKET
650 _aTAX REGIME
650 _aWARSAW
690 _aPROPERTY-COMMERCIAL PROPERTY
942 _n0
948 _c07/04/1997
999 _c48797
_d48797